000 00263nam a2200109 4500
008 160622b xxu||||| |||| 00| 0 eng d
100 _9461
_aBlyton, E,
245 _aHello Mr. Twiddle
260 _aEng
_b Dean
_c1968
300 _aHello Mr. Twiddle
942 _2ddc
_cBK
999 _c382
_d382